<?xml version="1.0" encoding="UTF-8"?>
<record
    xmlns:xsi="http://www.w3.org/2001/XMLSchema-instance"
    xsi:schemaLocation="http://www.loc.gov/MARC21/slim http://www.loc.gov/standards/marcxml/schema/MARC21slim.xsd"
    xmlns="http://www.loc.gov/MARC21/slim">

  <leader>00834nam a22001697a 4500</leader>
  <controlfield tag="003">SGT</controlfield>
  <datafield tag="020" ind1=" " ind2=" ">
    <subfield code="a">9788131734483</subfield>
  </datafield>
  <datafield tag="082" ind1=" " ind2=" ">
    <subfield code="a">621.381,FLO</subfield>
  </datafield>
  <datafield tag="100" ind1=" " ind2=" ">
    <subfield code="a">FLOYD,THOMAS L</subfield>
  </datafield>
  <datafield tag="245" ind1=" " ind2=" ">
    <subfield code="a">DIGITAL FUNDAMENTALS</subfield>
  </datafield>
  <datafield tag="250" ind1=" " ind2=" ">
    <subfield code="a">10TH</subfield>
  </datafield>
  <datafield tag="260" ind1=" " ind2=" ">
    <subfield code="a">NEW DELHI</subfield>
    <subfield code="b">PEARSON</subfield>
    <subfield code="c">2013</subfield>
  </datafield>
  <datafield tag="300" ind1=" " ind2=" ">
    <subfield code="a">659</subfield>
  </datafield>
  <datafield tag="650" ind1=" " ind2=" ">
    <subfield code="a">ELECTRONICS, PHYSICS</subfield>
  </datafield>
  <datafield tag="653" ind1=" " ind2=" ">
    <subfield code="a"> 1.	INTRODUCTORY CONCEPTS 2.	NUMBER SYSTEMS, OPERATIONS, AND CODES 3.	LOGIC GATES 4.	BOOLEAN ALGEBRA AND LOGIC SIMPLIFICATION 5.	COMBINATIONAL LOGIC ANALYSIS 6.	FUNCTIONS OF COMBINATIONAL LOGIC 7.	LATCHES AND FLIP-FLOPS 8.	COUNTERS 9.	SHIFT REGISTERS 10.	MEMORY AND STORAGE 11.	PROGRAMMABLE LOGIC AND SOFTWARE 12.	INTEGRATED CIRCUIT TECHNOLOGIES  APPENDIX A: KARNAUGH MAP POS MINIMIZATION APPENDIX B: THE QUINE-MCCLUSKEY METHOD ANSWERS TO ODD-NUMBERED PROBLEMS GLOSSARY INDEX</subfield>
  </datafield>
  <datafield tag="942" ind1=" " ind2=" ">
    <subfield code="2">ddc</subfield>
    <subfield code="c">FPS</subfield>
    <subfield code="0">2</subfield>
  </datafield>
  <datafield tag="952" ind1=" " ind2=" ">
    <subfield code="0">0</subfield>
    <subfield code="1">0</subfield>
    <subfield code="2">ddc</subfield>
    <subfield code="4">0</subfield>
    <subfield code="7">0</subfield>
    <subfield code="8">FS</subfield>
    <subfield code="a">SSSL</subfield>
    <subfield code="b">SSSL</subfield>
    <subfield code="c">TXT</subfield>
    <subfield code="d">2016-09-09</subfield>
    <subfield code="e">AHUJA BOOK</subfield>
    <subfield code="g">759.00</subfield>
    <subfield code="i">SGTU</subfield>
    <subfield code="l">3</subfield>
    <subfield code="o">621.381,FLO</subfield>
    <subfield code="p">PS2300</subfield>
    <subfield code="r">2022-09-01 00:00:00</subfield>
    <subfield code="s">2022-08-18</subfield>
    <subfield code="w">2016-08-08</subfield>
    <subfield code="y">FPS</subfield>
    <subfield code="k">7132</subfield>
  </datafield>
  <datafield tag="952" ind1=" " ind2=" ">
    <subfield code="0">0</subfield>
    <subfield code="1">0</subfield>
    <subfield code="2">ddc</subfield>
    <subfield code="4">0</subfield>
    <subfield code="7">0</subfield>
    <subfield code="8">FS</subfield>
    <subfield code="a">SSSL</subfield>
    <subfield code="b">SSSL</subfield>
    <subfield code="c">TXT</subfield>
    <subfield code="d">2016-09-09</subfield>
    <subfield code="e">AHUJA BOOK</subfield>
    <subfield code="g">759.00</subfield>
    <subfield code="i">SGTU</subfield>
    <subfield code="l">1</subfield>
    <subfield code="o">621.381,FLO</subfield>
    <subfield code="p">PS2301</subfield>
    <subfield code="r">2020-03-13 00:00:00</subfield>
    <subfield code="s">2020-01-14</subfield>
    <subfield code="w">2016-08-08</subfield>
    <subfield code="y">FPS</subfield>
    <subfield code="k">7132</subfield>
  </datafield>
  <datafield tag="952" ind1=" " ind2=" ">
    <subfield code="0">0</subfield>
    <subfield code="1">0</subfield>
    <subfield code="2">ddc</subfield>
    <subfield code="4">0</subfield>
    <subfield code="7">1</subfield>
    <subfield code="8">FS</subfield>
    <subfield code="a">SSSL</subfield>
    <subfield code="b">SSSL</subfield>
    <subfield code="c">REF</subfield>
    <subfield code="d">2016-09-09</subfield>
    <subfield code="e">AHUJA BOOK</subfield>
    <subfield code="g">759.00</subfield>
    <subfield code="i">SGTU</subfield>
    <subfield code="o">621.381,FLO</subfield>
    <subfield code="p">PS2302</subfield>
    <subfield code="r">2016-09-09 00:00:00</subfield>
    <subfield code="w">2016-08-08</subfield>
    <subfield code="y">FPS</subfield>
    <subfield code="k">7132</subfield>
  </datafield>
  <datafield tag="999" ind1=" " ind2=" ">
    <subfield code="c">9886</subfield>
    <subfield code="d">9886</subfield>
  </datafield>
</record>
